[Event "SR 3. liga A2 2008/2009"]
[Site "?"]
[Date "2008.10.19"]
[Round "1.8"]
[White "Jozefek, Michal"]
[Black "Herega, Jozef"]
[Result "1/2-1/2"]
[WhiteElo "1651"]
[BlackElo "1880"]
[Annotator ",Jozef"]
[PlyCount "73"]
[EventDate "2008.??.??"]

1. d4 d5 2. c4 Nf6 3. Nc3 e6 4. Bg5 Be7 5. e3 O-O 6. Bd3 dxc4 7. Bxc4 b6 8. Qf3
c6 9. Nge2 h6 10. Bh4 Bb7 11. Nf4 Qc8 12. Bxf6 Bxf6 13. Qh3 e5 14. Qxc8 Rxc8
15. dxe5 Bxe5 16. Nfe2 Na6 17. O-O b5 18. Bb3 Nc5 19. f4 Bf6 20. Bc2 b4 21. Na4
Nxa4 22. Bxa4 Ba6 23. Kf2 Bxe2 24. Kxe2 Bxb2 25. Rab1 Bc3 26. Bb3 Rd8 27. Rfd1
Kf8 28. Rxd8+ Rxd8 29. Rd1 Rxd1 30. Kxd1 f6 31. Ke2 Ke7 32. Kd3 $11 Kd6 33. a4
a5 34. h3 Be1 35. Bc4 Bf2 36. g4 Kc5 37. Bb3 $11 1/2-1/2

[Event "SR 3. liga A2 2008/2009"]
[Site "?"]
[Date "2008.10.19"]
[Round "1.1"]
[White "Sturdik, Igor"]
[Black "Provaznik, Michal"]
[Result "1/2-1/2"]
[WhiteElo "2022"]
[BlackElo "2196"]
[Annotator ",Jozef"]
[PlyCount "88"]
[EventDate "2008.??.??"]

1. e4 c5 2. Nf3 e6 3. d4 cxd4 4. Nxd4 Nf6 5. Nc3 d6 6. Be3 Be7 7. f4 O-O 8. Qf3
Nbd7 9. Bd3 a6 10. O-O Qc7 11. Kh1 b5 12. a3 Nc5 13. Rae1 Bb7 14. Bd2 Nxd3 15.
cxd3 Nd7 16. Rc1 Qd8 17. Nce2 Bf6 18. Bc3 Rc8 19. Nb3 Bxc3 20. Rxc3 Rxc3 21.
Nxc3 $11 Nc5 22. Nd4 Qf6 23. Qe3 Rc8 24. Rc1 g6 25. Nce2 e5 26. fxe5 Qxe5 27.
b4 Ne6 28. Rxc8+ Bxc8 29. Nxe6 Bxe6 30. Qd4 Qh5 31. Nc3 Qg5 32. h3 Qc1+ 33. Kh2
Qxa3 34. Ne2 a5 35. bxa5 Qxa5 36. Qxd6 b4 37. Nd4 Ba2 38. Qb8+ Kg7 39. Nc6 Qg5
40. Nxb4 Bb1 41. Qd6 h5 42. Nc6 h4 43. Qe5+ Qxe5+ 44. Nxe5 f6 1/2-1/2

[Event "SR 3. liga A2 2008/2009"]
[Site "?"]
[Date "2008.10.19"]
[Round "1.2"]
[White "Horak, Ivan"]
[Black "Lukac, Tomas"]
[Result "1-0"]
[WhiteElo "2138"]
[BlackElo "1824"]
[PlyCount "83"]
[EventDate "2008.??.??"]

1. e4 c5 2. Nc3 g6 3. f4 Bg7 4. Nf3 Nc6 5. Bb5 Nd4 6. O-O a6 7. Bd3 Nf6 8. e5
Ng4 9. Nxd4 cxd4 10. Qxg4 dxc3 11. bxc3 d6 12. Qf3 dxe5 13. fxe5 O-O 14. Be4
Bxe5 15. d4 Qb6 16. Bh6 Bg7 17. Rfb1 Qa5 18. Bxg7 Kxg7 19. Bxb7 Bxb7 20. Rxb7
Rac8 21. Rb4 e5 22. a3 exd4 23. cxd4 Rxc2 24. Rf1 Qf5 25. Qxf5 gxf5 26. Rxf5
Re8 27. h3 Ree2 28. Rg5+ Kf6 29. Rg3 Re1+ 30. Kh2 Rcc1 31. Rf3+ Kg5 32. Ra4 h5
33. Ra5+ Kg6 34. Rxa6+ Kg7 35. Rf4 f6 36. d5 Red1 37. a4 Rxd5 38. Rfxf6 Rc2 39.
Rg6+ Kf7 40. Rgb6 h4 41. Rb7+ Ke8 42. Rh6 1-0

[Event "SR 3. liga A2 2008/2009"]
[Site "?"]
[Date "2008.10.19"]
[Round "1.3"]
[White "Lopatievov, Alexander"]
[Black "Kovarik, Oto"]
[Result "1/2-1/2"]
[WhiteElo "2020"]
[BlackElo "2052"]
[PlyCount "181"]
[EventDate "2008.??.??"]

1. d4 d5 2. c4 e6 3. Nc3 Nf6 4. Bg5 Be7 5. Nf3 O-O 6. e3 b6 7. cxd5 exd5 8. Bd3
Bb7 9. O-O Nbd7 10. Rc1 c5 11. b3 Ne4 12. Bf4 Rc8 13. Nd2 Nxc3 14. Rxc3 cxd4
15. Rxc8 Qxc8 16. exd4 Bf6 17. Nf3 Nb8 18. Qb1 g6 19. Rc1 Nc6 20. Be5 Qe6 21.
Bxf6 Qxf6 22. Qb2 Re8 23. b4 Qd6 24. a3 Re7 25. h3 Qf4 26. Qc3 Kg7 27. b5 Nd8
28. Qd2 Qxd2 29. Nxd2 Ne6 30. Nb3 Nf4 31. Bf1 f5 32. g3 Nh5 33. Bd3 Nf6 34. Kg2
Ne8 35. a4 Rc7 36. Rxc7+ Nxc7 37. Kf3 Kf6 38. g4 fxg4+ 39. hxg4 Ne6 40. Kg3 Kg5
41. a5 Bc8 42. axb6 axb6 43. Bf1 Bd7 44. Bg2 Nc7 45. f4+ Kf6 46. g5+ Ke7 47.
Kf2 Bxb5 48. Ke3 Bd7 49. Nc1 Bf5 50. Na2 Kd6 51. Nb4 Be6 52. Bf1 Ne8 53. Bb5
Ng7 54. Bd3 Bd7 55. Kf3 Bf5 56. Be2 Be4+ 57. Ke3 Nf5+ 58. Kd2 Nxd4 59. Bg4 Bf5
60. Bxf5 Nxf5 61. Kd3 h5 62. gxh6 Nxh6 63. Kd4 Nf5+ 64. Kd3 Ng7 65. Kc3 Ne6 66.
Nd3 Nc5 67. Ne5 Ne4+ 68. Kd4 Ng3 69. Nxg6 Nf5+ 70. Kc3 Kc5 71. Ne5 d4+ 72. Kb3
Kd5 73. Nd7 Kc6 74. Nf6 Kb5 75. Ne4 Ne3 76. Nd6+ Kc5 77. Ne4+ Kd5 78. Nd2 Nf5
79. Nc4 b5 80. Nd2 Nd6 81. Kb4 Ne4 82. Nb3 Nd6 83. Nd2 Kc6 84. Nb3 Nf5 85. Nc5
Ne3 86. Nd3 Nd5+ 87. Kb3 Nxf4 88. Nxf4 Kd6 89. Kb4 Ke5 90. Nd3+ Ke4 91. Nc5+
1/2-1/2

[Event "SR 3. liga A2 2008/2009"]
[Site "?"]
[Date "2008.10.19"]
[Round "1.4"]
[White "Sefcik, Marek"]
[Black "Kozinka, Roman"]
[Result "0-1"]
[WhiteElo "1997"]
[BlackElo "2012"]
[PlyCount "88"]
[EventDate "2008.??.??"]

1. Nc3 d5 2. e3 e5 3. Qh5 Nc6 4. Bb5 Qd6 5. d4 exd4 6. exd4 Nf6 7. Qe5+ Be7 8.
Bf4 a6 9. Bxc6+ bxc6 10. Nge2 O-O 11. a3 a5 12. Na4 Ba6 13. Nec3 Nh5 14. Qxd6
cxd6 15. Be3 f5 16. f3 f4 17. Bf2 Rae8 18. O-O-O Bd8 19. Rhe1 g5 20. Rxe8 Rxe8
21. Kd2 Kf7 22. g4 fxg3 23. hxg3 Bf6 24. Re1 Rxe1 25. Kxe1 Ng7 26. Ne2 Ne6 27.
c3 Bb5 28. b3 h5 29. Nb2 c5 30. dxc5 dxc5 31. Nd1 h4 32. Ng1 d4 33. c4 Ba6 34.
Nb2 Kg6 35. Ke2 Kf5 36. Be1 d3+ 37. Nxd3 Nd4+ 38. Kd1 Nxb3 39. f4 hxg3 40. fxg5
Bd4 41. Ne2 g2 42. g6 Bxc4 43. Kc2 Bxd3+ 44. Kxd3 Nc1+ 0-1

[Event "SR 3. liga A2 2008/2009"]
[Site "?"]
[Date "2008.10.19"]
[Round "1.5"]
[White "Zarecky, Eduard"]
[Black "Bilovsky, Milan"]
[Result "1/2-1/2"]
[WhiteElo "1948"]
[BlackElo "1911"]
[PlyCount "116"]
[EventDate "2008.??.??"]

1. d4 d5 2. c4 c6 3. Nc3 e6 4. e3 Nf6 5. Nf3 Bd6 6. a3 Nbd7 7. c5 Bc7 8. Bd3
O-O 9. O-O e5 10. dxe5 Nxe5 11. Nxe5 Bxe5 12. Ne2 Ne4 13. Bxe4 dxe4 14. Qc2 Qe7
15. Rb1 Be6 16. Nf4 Ba2 17. Ra1 Bxf4 18. exf4 Qe6 19. Re1 Rfe8 20. b4 Bd5 21.
Qc3 Qg4 22. h3 Qd7 23. Bb2 f5 24. Re3 Re6 25. Rg3 Rg6 26. Rxg6 hxg6 27. Re1 Re8
28. Re3 Re7 29. Rg3 Kh7 30. Rg5 Qe6 31. Qe3 Bc4 32. Be5 Rd7 33. Bd6 b5 34. h4
Qd5 35. Qg3 Qd3 36. Rxg6 Qxg3 37. Rxg3 Bd3 38. Rg5 Rf7 39. Kh2 Kh6 40. Rg3 g6
41. Re3 a5 42. Be5 axb4 43. axb4 Ra7 44. Re1 Ra4 45. Ra1 Rxa1 46. Bxa1 Kh5 47.
Kg3 Bc2 48. Bd4 Bd3 49. Be3 Bc2 50. Kh3 Bd3 51. Bd2 Be2 52. Be1 Bg4+ 53. Kh2
Be2 54. Bc3 Bd1 55. Bf6 Be2 56. Kh3 Bg4+ 57. Kh2 Be2 58. Bg5 Kg4 1/2-1/2

[Event "SR 3. liga A2 2008/2009"]
[Site "?"]
[Date "2008.10.19"]
[Round "1.6"]
[White "Jozefovic, Milan"]
[Black "Mackovic, Miroslav"]
[Result "1-0"]
[WhiteElo "1894"]
[BlackElo "1972"]
[PlyCount "119"]
[EventDate "2008.??.??"]

1. e4 c5 2. Nf3 d6 3. Bc4 e6 4. O-O a6 5. a4 Nf6 6. e5 dxe5 7. Nxe5 Be7 8. d3
Nbd7 9. Ng4 O-O 10. Nc3 Nb6 11. Bb3 Nbd5 12. Nxf6+ Nxf6 13. Bg5 Bd7 14. Qe2 Bc6
15. Rfe1 Qd7 16. h3 Rad8 17. a5 Rfe8 18. Na4 Nd5 19. Bd2 Qc7 20. Qg4 Nb4 21.
Bc3 Bf8 22. Nxc5 Nd5 23. Be5 Qe7 24. Ne4 f5 25. Qg3 fxe4 26. Rxe4 g6 27. Rae1
Bg7 28. d4 Bxe5 29. Rxe5 Qd7 30. c4 Nf6 31. d5 exd5 32. cxd5 Nxd5 33. Rd1 Rxe5
34. Qxe5 Qd6 35. Qg5 Kg7 36. h4 Rd7 37. h5 Qf6 38. h6+ Kf7 39. Bxd5+ Bxd5 40.
Rxd5 Qe6 41. Qf4+ Kg8 42. Re5 Qf7 43. Qe3 Rd1+ 44. Kh2 Qc7 45. Qb3+ Kf8 46. Qe6
Qd8 47. Qh3 Rd4 48. Qf3+ Kg8 49. g3 Qf8 50. Qe3 Rd8 51. Re7 Qf6 52. Kg2 Qc6+
53. Kh2 Qf6 54. Rxb7 g5 55. Rg7+ Kh8 56. Rxg5 Qxh6+ 57. Kg2 Qc6+ 58. f3 h6 59.
Qe5+ Kh7 60. Qg7# 1-0

[Event "SR 3. liga A2 2008/2009"]
[Site "?"]
[Date "2008.10.19"]
[Round "1.7"]
[White "Gajarsky, Julius"]
[Black "Hrubos, Milan"]
[Result "1/2-1/2"]
[WhiteElo "1807"]
[BlackElo "1713"]
[PlyCount "60"]
[EventDate "2008.??.??"]

1. d4 d5 2. c4 c6 3. c5 Nd7 4. Nf3 Ngf6 5. Nc3 Qc7 6. b4 e5 7. e3 Be7 8. Be2
O-O 9. h3 Ne8 10. dxe5 Nxe5 11. Nxe5 Qxe5 12. Bb2 Qg5 13. Bf3 f5 14. Ne2 Nf6
15. Be5 Qg6 16. Nf4 Qe8 17. Qd4 g5 18. Ne2 Be6 19. Ng3 a5 20. a3 axb4 21. axb4
Rxa1+ 22. Qxa1 Ne4 23. Nxe4 fxe4 24. Be2 Qf7 25. O-O Bf6 26. Bxf6 Qxf6 27. Qxf6
Rxf6 28. Ra1 Rf8 29. Ra7 Rb8 30. Kh2 Kg7 1/2-1/2

[Event "SR 3. liga A2 2008/2009"]
[Site "?"]
[Date "2008.10.19"]
[Round "1.8"]
[White "Holly, Milan"]
[Black "Mackovic, Matus"]
[Result "1-0"]
[WhiteElo "1799"]
[BlackElo "1678"]
[PlyCount "141"]
[EventDate "2008.??.??"]

1. Nf3 Nf6 2. b3 d5 3. Bb2 e6 4. e3 Be7 5. Be2 Nbd7 6. O-O O-O 7. d4 c5 8. c4
b6 9. Nc3 Bb7 10. cxd5 Nxd5 11. Nxd5 Bxd5 12. dxc5 Bxc5 13. b4 Be7 14. a3 Nf6
15. Rc1 Rc8 16. Nd4 Qd7 17. Ba6 Bb7 18. Qe2 Rc7 19. Bxb7 Rxb7 20. Rfd1 Qc8 21.
Qa6 Qa8 22. Nc6 Rc7 23. Nxe7+ Rxe7 24. Be5 Qb7 25. Qe2 Rd7 26. Rxd7 Nxd7 27.
Rc7 Qd5 28. Bc3 a5 29. Qg4 f6 30. Qd4 Qxd4 31. Bxd4 Rd8 32. g3 e5 33. Bc3 a4
34. b5 Nc5 35. Rc6 Rb8 36. Bb4 Nd7 37. Rc7 Nc5 38. Bxc5 bxc5 39. Rxc5 Rb7 40.
Kf1 Kf7 41. Ke2 Ke6 42. e4 Kd6 43. Rd5+ Kc7 44. Kd3 Kb6 45. Kc4 Ka5 46. Rd6
Rxb5 47. Rd5 Rxd5 48. exd5 Kb6 49. Kb4 f5 50. Kxa4 Kc5 51. Ka5 Kxd5 52. Kb6 Ke4
53. a4 Kf3 54. a5 Kxf2 55. a6 Kg2 56. a7 Kxh2 57. a8=Q Kxg3 58. Qa3+ Kg4 59.
Qe7 g5 60. Qxe5 f4 61. Qe4 Kg3 62. Qe1+ Kf3 63. Qh1+ Kg4 64. Qg2+ Kh4 65. Qh2+
Kg4 66. Kc5 Kf3 67. Qh3+ Kf2 68. Kd4 h5 69. Qxh5 Kf1 70. Ke4 Kf2 71. Qxg5 1-0

[Event "SR 3. liga A2 2008/2009"]
[Site "?"]
[Date "2008.10.19"]
[Round "1.1"]
[White "Ress, Tamas"]
[Black "Ambros, Rafael"]
[Result "0-1"]
[WhiteElo "2152"]
[BlackElo "2082"]
[PlyCount "70"]
[EventDate "2008.??.??"]

1. d4 Nf6 2. c4 g6 3. Nc3 d5 4. cxd5 Nxd5 5. e4 Nxc3 6. bxc3 Bg7 7. Bc4 O-O 8.
Ne2 c5 9. Be3 Qa5 10. O-O Nd7 11. Rb1 a6 12. Bd5 Rb8 13. Bf4 e5 14. Bg3 b5 15.
dxe5 Bxe5 16. f4 Bc7 17. f5 Bxg3 18. Nxg3 Qxc3 19. fxg6 hxg6 20. Qg4 Qg7 21.
Qg5 c4 22. Qe7 Rb6 23. Rxf7 Rxf7 24. e5 Qf8 25. Bxf7+ Qxf7 26. Qg5 Re6 27. Rf1
Rxe5 28. Qh4 Qe7 29. Qh6 Qg7 30. Qf4 Nc5 31. Qd4 Qe7 32. Qd2 Nd3 33. Qh6 Qg7
34. Qh4 Qa7+ 35. Kh1 Nf2+ 0-1

[Event "SR 3. liga A2 2008/2009"]
[Site "?"]
[Date "2008.10.19"]
[Round "1.2"]
[White "Pribila, Michal"]
[Black "Ivan, Imrich ml"]
[Result "1/2-1/2"]
[WhiteElo "2099"]
[BlackElo "2049"]
[PlyCount "87"]
[EventDate "2008.??.??"]

1. e4 e6 2. d4 d5 3. exd5 exd5 4. Nf3 Nf6 5. Bg5 Be7 6. Bd3 Bg4 7. Nbd2 O-O 8.
O-O h6 9. Bh4 Nh7 10. Bxe7 Qxe7 11. Re1 Qd6 12. h3 Bh5 13. c3 Ng5 14. Be2 Nxf3+
15. Bxf3 Bxf3 16. Nxf3 Nd7 17. Re3 Rfe8 18. Qd3 g6 19. Rae1 Rxe3 20. Qxe3 Kg7
21. Qe7 Qc6 22. h4 Rf8 23. h5 g5 24. Ne5 Nxe5 25. Qxe5+ Kg8 26. Re3 Qd7 27. Qf6
Qc6 28. Qe7 Kg7 29. b4 a6 30. g3 Qd6 31. Qxd6 cxd6 32. Re7 Rc8 33. Rxb7 Rxc3
34. b5 axb5 35. Rxb5 Ra3 36. Rxd5 Rxa2 37. Rxd6 g4 38. Kf1 Ra1+ 39. Ke2 Ra3 40.
d5 Rf3 41. Rd8 Rf5 42. Ke3 Rf3+ 43. Ke2 Rf5 44. Ke3 1/2-1/2

[Event "SR 3. liga A2 2008/2009"]
[Site "?"]
[Date "2008.10.19"]
[Round "1.3"]
[White "Csefalvay, Stefan"]
[Black "Pribila, Gerhard"]
[Result "0-1"]
[WhiteElo "1965"]
[BlackElo "2013"]
[Annotator ",Jozef"]
[PlyCount "72"]
[EventDate "2008.??.??"]

1. d4 Nf6 2. Nf3 e6 3. g3 b5 4. Bg2 Bb7 5. O-O c5 6. c3 Be7 7. Bg5 Qb6 8. Nbd2
h6 9. Bf4 cxd4 10. Bxb8 Rxb8 11. cxd4 O-O 12. Rc1 Rfc8 13. Nb3 a5 14. Rxc8+
Rxc8 15. Ne5 Bxg2 16. Kxg2 a4 17. Nc1 d6 18. Nf3 Qc6 19. Nd3 Ne4 20. e3 Ng5 21.
a3 Qe4 22. Nde1 d5 23. h4 Nxf3 24. Qxf3 Qb1 25. Qe2 Rc1 26. Nd3 $11 Rxf1 27.
Qxf1 Qc2 28. Kf3 g5 29. hxg5 hxg5 30. g4 Bd6 31. Qe2 Qc4 32. Ne5 $11 Bxe5 33.
Qxc4 dxc4 34. dxe5 b4 35. Ke4 c3 36. Kd3 cxb2 0-1

[Event "SR 3. liga A2 2008/2009"]
[Site "?"]
[Date "2008.10.19"]
[Round "1.4"]
[White "Brunovsky, Peter"]
[Black "Vizvari, Ludovit"]
[Result "0-1"]
[WhiteElo "1753"]
[BlackElo "2039"]
[PlyCount "78"]
[EventDate "2008.??.??"]

1. d4 d5 2. c4 e6 3. Nf3 c5 4. g3 Nc6 5. cxd5 exd5 6. Bg2 Nf6 7. O-O Be7 8. Nc3
O-O 9. b3 Re8 10. Bb2 Be6 11. Re1 Qd7 12. e3 Bg4 13. dxc5 Bxc5 14. Qd2 Rad8 15.
Nd4 Nxd4 16. exd4 Bb4 17. f3 Bh3 18. a3 Bxc3 19. Bxc3 Bxg2 20. Kxg2 Qb5 21. b4
Rc8 22. Rxe8+ Qxe8 23. Re1 Qa4 24. Qb2 b5 25. Re2 Qa6 26. Be1 Rc4 27. Bf2 Qc8
28. h3 Ne8 29. g4 g6 30. Bg3 Ng7 31. Be5 Ne6 32. Qd2 Qd8 33. Qh6 f6 34. Bf4
Nxd4 35. Re3 Rc2+ 36. Kf1 Qc8 37. Re7 Qc4+ 38. Ke1 Nxf3+ 39. Kd1 Qd3+ 0-1

[Event "SR 3. liga A2 2008/2009"]
[Site "?"]
[Date "2008.10.19"]
[Round "1.5"]
[White "Szitasi, Janos"]
[Black "Zajicek, Ferdinand"]
[Result "1-0"]
[WhiteElo "1972"]
[BlackElo "1946"]
[PlyCount "133"]
[EventDate "2008.??.??"]

1. e4 e5 2. Nf3 d6 3. Bc4 h6 4. Nc3 Be6 5. Bxe6 fxe6 6. d4 Nc6 7. dxe5 dxe5 8.
O-O Nf6 9. Qe2 a6 10. Rd1 Bd6 11. Qc4 Qe7 12. a3 O-O 13. Ne2 Nh7 14. Ng3 Rf7
15. Be3 Raf8 16. h3 Kh8 17. b4 Qe8 18. c3 Rf6 19. Qe2 Ne7 20. c4 Ng6 21. c5 Be7
22. Nh2 Nf4 23. Qb2 Ng5 24. Ng4 h5 25. Nxf6 Bxf6 26. h4 Nh7 27. Ra2 Ng6 28.
Nxh5 Bxh4 29. Qe2 Nf4 30. Bxf4 exf4 31. Qg4 Bg5 32. e5 Qf7 33. Rad2 g6 34. Nf6
Bxf6 35. exf6 Qxf6 36. Rd7 Rf7 37. Rxf7 Qxf7 38. Re1 Nf8 39. Re4 Kg7 40. Qxf4
Qxf4 41. Rxf4 e5 42. Rf3 Ne6 43. g3 Nd4 44. Rd3 Kf6 45. f4 b6 46. cxb6 cxb6 47.
Kf2 Ke6 48. Ke3 Nf5+ 49. Ke4 exf4 50. Kxf4 a5 51. g4 Ne7 52. Kg5 axb4 53. axb4
Nc6 54. Re3+ Kf7 55. Re4 b5 56. Rf4+ Kg7 57. Rf6 Ne5 58. Rb6 Nf3+ 59. Kf4 Nd4
60. Ke5 Nf3+ 61. Kd6 Kf6 62. Rxb5 Nd4 63. Rd5 Nf3 64. b5 Ng5 65. b6 Nf7+ 66.
Kd7 Ne5+ 67. Rxe5 1-0

[Event "SR 3. liga A2 2008/2009"]
[Site "?"]
[Date "2008.10.19"]
[Round "1.6"]
[White "Kastler, Peter"]
[Black "Vegh, Vince"]
[Result "0-1"]
[WhiteElo "1690"]
[BlackElo "1917"]
[PlyCount "56"]
[EventDate "2008.??.??"]

1. d4 Nf6 2. c4 e6 3. Nc3 Bb4 4. Qc2 c5 5. Nf3 Nc6 6. e3 O-O 7. Bd2 b6 8. Bd3
d5 9. cxd5 exd5 10. dxc5 bxc5 11. O-O Bg4 12. Be2 Re8 13. Rad1 Qe7 14. Rfe1
Rad8 15. Bb5 Bxf3 16. gxf3 Qb7 17. Bxc6 Qxc6 18. a3 Bxc3 19. Qxc3 Qb5 20. Bc1
a5 21. Qd3 c4 22. Qd4 Qd7 23. e4 Qh3 24. Re3 Re6 25. e5 Nh5 26. Qxc4 Rg6+ 27.
Qg4 Nf4 28. Qxg6 hxg6 0-1

[Event "SR 3. liga A2 2008/2009"]
[Site "?"]
[Date "2008.10.19"]
[Round "1.7"]
[White "Varkonyi, Miklos"]
[Black "Papanek, Lubomir"]
[Result "1-0"]
[WhiteElo "1746"]
[BlackElo "1677"]
[PlyCount "119"]
[EventDate "2008.??.??"]

1. e4 c5 2. Nf3 Nc6 3. d4 cxd4 4. Nxd4 d6 5. Nc3 Nf6 6. Be2 g6 7. Be3 Bg7 8. f3
Bd7 9. Qd2 O-O 10. Nxc6 Bxc6 11. O-O-O Qa5 12. Bh6 Bxh6 13. Qxh6 Rac8 14. g4
Bxe4 15. Nxe4 Nxe4 16. fxe4 Qxa2 17. Bd3 Qa1+ 18. Kd2 Qxb2 19. Rb1 Qc3+ 20. Ke2
Qc7 21. h4 f6 22. Qe3 b6 23. Rb4 Qd7 24. Qh3 Rc5 25. Rc4 Rfc8 26. Rxc5 Rxc5 27.
Qf3 Qe6 28. Kd2 Qe5 29. Rf1 Qh2+ 30. Qf2 Qe5 31. Qf4 b5 32. Qxe5 Rxe5 33. Ra1
h5 34. gxh5 Rxh5 35. Rxa7 Re5 36. Rb7 g5 37. hxg5 fxg5 38. Rxb5 Rxb5 39. Bxb5
Kf7 40. Ke3 Ke6 41. Kf3 Ke5 42. Bd3 Kf6 43. Kg4 e6 44. Bc4 Ke5 45. Kxg5 Kxe4
46. Bxe6 d5 47. Bf5+ Ke3 48. Bd3 Kd4 49. Kf4 Kc5 50. Ke5 Kc6 51. Kd4 Kd6 52.
Bb5 Ke6 53. Bc6 Kd6 54. Bxd5 Kd7 55. Kc5 Kc7 56. c4 Kb8 57. Kb6 Kc8 58. Be6+
Kb8 59. c5 Ka8 60. c6 1-0

[Event "SR 3. liga A2 2008/2009"]
[Site "?"]
[Date "2008.10.19"]
[Round "1.8"]
[White "Valla, Tomas"]
[Black "Magyarics, Jozef"]
[Result "1/2-1/2"]
[WhiteElo "1350"]
[BlackElo "1549"]
[PlyCount "114"]
[EventDate "2008.??.??"]

1. e4 e5 2. f4 d6 3. Nf3 Nc6 4. Bb5 Bg4 5. h3 Bxf3 6. Qxf3 Nge7 7. Nc3 g6 8.
O-O Qd7 9. fxe5 O-O-O 10. exd6 Qxd6 11. Qxf7 Nd4 12. Ba4 Bh6 13. Qc4 Qb6 14.
Kh1 Rhf8 15. Bb3 Rxf1+ 16. Qxf1 Rf8 17. Qg1 Nxb3 18. axb3 Qxg1+ 19. Kxg1 Nc6
20. d3 Bg7 21. Be3 a6 22. Bc5 Bd4+ 23. Bxd4 Nxd4 24. Rc1 b5 25. b4 a5 26. Rf1
Rxf1+ 27. Kxf1 axb4 28. Nd5 Nxc2 29. Ke2 c6 30. Nf6 h5 31. g4 hxg4 32. Nxg4 Kc7
33. Ne5 g5 34. Nf7 Nd4+ 35. Ke3 Ne6 36. e5 Kd7 37. Ke4 Ke7 38. Nd6 Nc5+ 39. Ke3
Na4 40. b3 Nc5 41. d4 Nxb3 42. Ne4 Ke6 43. Nxg5+ Kd5 44. Nf3 c5 45. dxc5 Nxc5
46. h4 b3 47. h5 b2 48. Nd2 Kxe5 49. h6 Kf6 50. h7 Kg7 51. h8=Q+ Kxh8 52. Nb1
Kg7 53. Kd4 Na4 54. Kd3 Kf6 55. Kc2 Ke5 56. Na3 b4 57. Nc4+ Kd4 1/2-1/2

[Event "SR 3. liga A2 2008/2009"]
[Site "?"]
[Date "2008.11.17"]
[Round "2.1"]
[White "Kovacocy, Pavel"]
[Black "Janko, Ladislav"]
[Result "0-1"]
[WhiteElo "2232"]
[BlackElo "2258"]
[PlyCount "102"]
[EventDate "2008.??.??"]

1. e4 c6 2. d4 d5 3. Nc3 g6 4. h3 dxe4 5. Nxe4 Bg7 6. Nf3 Nf6 7. Nxf6+ exf6 8.
Bc4 O-O 9. O-O Re8 10. Be3 Nd7 11. Qd2 Nb6 12. Bd3 Qd5 13. Qd1 Bf5 14. b3 Be4
15. Bxe4 Rxe4 16. c4 Qd7 17. Qc2 f5 18. Rad1 Rc8 19. a4 Qc7 20. a5 Nd7 21. Ng5
Re7 22. Qd2 Nf6 23. Bf4 Qd8 24. Nf3 Ne4 25. Qb4 Rd7 26. Ne5 Bxe5 27. Bxe5 c5
28. Qe1 cxd4 29. f3 Rc5 30. Bb8 Qxb8 31. fxe4 Re5 32. Qg3 fxe4 33. Rf5 Re8 34.
Qxb8 Rxb8 35. Re5 f5 36. g4 Rf8 37. gxf5 gxf5 38. Kf2 Kh8 39. Ke2 Kg7 40. Rf1
Kg6 41. Rxe4 fxe4 42. Rxf8 d3+ 43. Kd1 e3 44. Re8 e2+ 45. Kd2 Kf7 46. Rh8 Kf6
47. Rg8 Rg7 48. Rf8+ Ke7 49. Rf3 Rg1 50. Re3+ Kf6 51. b4 Rd1+ 0-1

[Event "SR 3. liga A2 2008/2009"]
[Site "?"]
[Date "2008.11.17"]
[Round "2.2"]
[White "Kantor, Reka"]
[Black "Cechovic, Stefan"]
[Result "0-1"]
[WhiteElo "1903"]
[BlackElo "2186"]
[PlyCount "106"]
[EventDate "2008.??.??"]

1. e4 c5 2. Nf3 Nc6 3. d4 cxd4 4. Nxd4 Nf6 5. f3 g6 6. c4 Bg7 7. Nc3 d6 8. Rb1
O-O 9. Nc2 a6 10. Be3 Rb8 11. Qd2 Re8 12. Be2 Be6 13. O-O Qa5 14. Rfc1 Rec8 15.
a3 Nd7 16. b4 Qd8 17. Na4 b5 18. cxb5 axb5 19. Nc3 Bxc3 20. Qxc3 Na5 21. Qb2
Nc4 22. Bxc4 Bxc4 23. Nd4 Ne5 24. Rc3 Ra8 25. Kh1 Ra6 26. h3 Rca8 27. Ra1 Qd7
28. f4 Nc6 29. Nf3 Ra4 30. Rac1 R4a6 31. Nh4 Qe6 32. Re1 Qxe4 33. Bd2 Qd4 34.
Qc1 d5 35. Nf3 Qa7 36. f5 Rxa3 37. fxg6 hxg6 38. Be3 Rxc3 39. Qxc3 Qa3 40. Qxa3
Rxa3 41. Bc5 e6 42. Kg1 Ra4 43. Rb1 e5 44. Rb2 f6 45. g4 Kf7 46. Kg2 d4 47. h4
Bd5 48. h5 Bxf3+ 49. Kxf3 Ra3+ 50. Kg2 gxh5 51. gxh5 f5 52. Rf2 f4 53. Rb2 Kg7
0-1

[Event "SR 3. liga A2 2008/2009"]
[Site "?"]
[Date "2008.11.17"]
[Round "2.3"]
[White "Liptak, Tomas"]
[Black "Szekely, Stefan"]
[Result "1-0"]
[WhiteElo "2021"]
[BlackElo "2038"]
[Annotator ",Jozef"]
[PlyCount "71"]
[EventDate "2008.??.??"]

1. e4 d6 2. d4 Nf6 3. Nc3 g6 4. Nf3 Bg4 5. h3 Bxf3 6. Qxf3 Nbd7 7. Be3 e5 8.
O-O-O Bg7 9. g4 c6 10. dxe5 Nxe5 $11 11. Qg3 Qc7 12. f4 Ned7 13. Be2 O-O-O 14.
Bd4 Ne8 15. Qe3 Bxd4 16. Qxd4 Rf8 17. Qxa7 Nc5 18. Na4 Nxa4 19. Qxa4 Kb8 20.
Rd3 d5 21. exd5 Rxd5 22. Rxd5 cxd5 $11 23. Qd4 Qa5 24. a3 Nc7 25. Bf3 Re8 26.
Rd1 Rd8 27. c4 Ne6 28. Qe5+ Ka8 29. Bxd5 Ka7 30. Qe3+ Kb8 31. Qe5+ Ka7 32. Bxe6
Rxd1+ 33. Kxd1 Qa4+ 34. Kd2 fxe6 35. Qxe6 Qb3 36. Qe3+ 1-0

[Event "SR 3. liga A2 2008/2009"]
[Site "?"]
[Date "2008.11.17"]
[Round "2.4"]
[White "Puobis, Jozef"]
[Black "Sarmír, Milos"]
[Result "0-1"]
[WhiteElo "2015"]
[BlackElo "2086"]
[Annotator ",Jozef"]
[PlyCount "64"]
[EventDate "2008.??.??"]

1. e4 d6 2. d4 Nd7 3. Bc4 e5 4. Nf3 exd4 5. Qxd4 Ngf6 6. O-O Be7 7. Nc3 O-O 8.
Bg5 a6 9. a4 Nc5 10. Bxf6 Bxf6 11. e5 Be7 12. Nd5 dxe5 13. Nxe7+ Qxe7 14. Nxe5
Be6 15. Rfe1 Rad8 16. Qe3 Bxc4 17. Nxc4 Qxe3 18. Rxe3 $11 Nxa4 19. b4 Rd4 20.
c3 Rxc4 21. Rxa4 c5 22. Kf1 cxb4 23. Rxb4 Rc7 24. c4 Rfc8 25. Reb3 Rxc4 26.
Rxb7 g6 27. Ra7 Rc1+ 28. Ke2 R8c2+ 29. Kd3 Rxf2 30. Rb8+ Kg7 31. Rxa6 Rxg2 32.
h4 Rh1 0-1

[Event "SR 3. liga A2 2008/2009"]
[Site "?"]
[Date "2008.11.17"]
[Round "2.5"]
[White "Liptak, Dusan"]
[Black "Kubica, Adrian"]
[Result "1/2-1/2"]
[WhiteElo "1927"]
[BlackElo "1927"]
[Annotator ",Jozef"]
[PlyCount "45"]
[EventDate "2008.??.??"]

1. d4 Nf6 2. c4 g6 3. Nc3 Bg7 4. e4 d6 5. h3 b6 6. Bg5 Bb7 7. Bd3 O-O 8. Nf3
Nbd7 9. O-O a6 10. Re1 h6 11. Bf4 Nh5 12. Bh2 e5 13. d5 Nc5 14. Bc2 Bc8 15. Nd2
Nf4 16. Bxf4 exf4 17. Nf3 Re8 $11 18. Nd4 Qg5 19. Kh1 Qh4 20. Nf3 Qxf2 21. Rf1
Qe3 22. Re1 Qf2 23. Rf1 1/2-1/2

[Event "SR 3. liga A2 2008/2009"]
[Site "?"]
[Date "2008.11.17"]
[Round "2.6"]
[White "Kantor, Tamas ml"]
[Black "Vlkovic, Pavol"]
[Result "0-1"]
[WhiteElo "1770"]
[BlackElo "1934"]
[PlyCount "72"]
[EventDate "2008.??.??"]

1. e4 e5 2. Nf3 Nc6 3. Bb5 a6 4. Ba4 Nf6 5. O-O Be7 6. Re1 b5 7. Bb3 O-O 8. d3
d6 9. Bg5 Na5 10. Nc3 Nxb3 11. axb3 c6 12. d4 Qc7 13. Rc1 Bg4 14. d5 c5 15. h3
Bh5 16. Qd3 Rfb8 17. Nh4 Bg6 18. Nxg6 hxg6 19. Qe3 Nh7 20. Bxe7 Qxe7 21. f4
exf4 22. Qxf4 g5 23. Qf3 Qe5 24. Rf1 Rf8 25. Qe2 Nf6 26. Kh1 b4 27. Rf5 Qg3 28.
Na4 Rfe8 29. e5 dxe5 30. Rf3 Qh4 31. Nxc5 Nxd5 32. Rd1 g4 33. Qe4 Nf6 34. Qxb4
Red8 35. Rdf1 Rd4 36. Qb7 Rad8 0-1

[Event "SR 3. liga A2 2008/2009"]
[Site "?"]
[Date "2008.11.17"]
[Round "2.7"]
[White "Hornak, Pavol"]
[Black "Kosar, Mikulas ml"]
[Result "0-1"]
[WhiteElo "1743"]
[BlackElo "1891"]
[PlyCount "52"]
[EventDate "2008.??.??"]

1. d4 d5 2. c4 Nf6 3. Nf3 Bg4 4. h3 Bxf3 5. gxf3 e6 6. cxd5 Qxd5 7. Nc3 Bb4 8.
e4 Bxc3+ 9. bxc3 Nxe4 10. fxe4 Qxe4+ 11. Kd2 Qf4+ 12. Ke1 Qe4+ 13. Kd2 Nc6 14.
f3 Qf5 15. Bd3 Qa5 16. Kc2 O-O-O 17. f4 Rd6 18. Bd2 Nxd4+ 19. cxd4 Qa4+ 20. Kb2
Rb6+ 21. Qb3 Rxb3+ 22. axb3 Qxd4+ 23. Kc2 Rd8 24. Rhd1 Qxd3+ 25. Kb2 a6 26. Bc3
Qe2+ 0-1